[Event "VIE-ch U09 Girls"]
[Site "Ho Chi Minh City"]
[Date "2014.07.14"]
[Round "3"]
[White "Tran, Thi Anh Nguyet"]
[Black "Nguyen, Thi Ngoc Khanh"]
[Result "1/2-1/2"]
[WhiteElo "1569"]
[BlackElo "1583"]
[PlyCount "94"]
[EventDate "2014.07.13"]
[EventType "swiss"]
[EventRounds "9"]
[EventCountry "VIE"]
[SourceTitle "EXT 2016"]
[Source "ChessBase"]
[SourceDate "2015.10.08"]
[SourceVersion "1"]
[SourceVersionDate "2015.10.08"]
[SourceQuality "1"]

1. e4 e5 2. Nf3 Nc6 3. Bc4 Bc5 4. c3 Nf6 5. d4 exd4 6. cxd4 Bb4+ 7. Bd2 Bxd2+ 8. Nbxd2 d5 9. exd5 Nxd5 10. Qb3 Nce7 11. 0-0 0-0 12. Rfe1 c6 13. Ne4 Re8 14. h3 Rf8 15. Nc3 Nxc3 16. bxc3 Nd5 17. Rad1 Nb6 18. Bd3 Qd5 19. c4 Qh5 20. Re5 Qh6 21. Rde1 Nd7 22. Re8 c5 23. dxc5 Nxc5 24. Rxf8+ Kxf8 25. Qb4 Qb6 26. Qxb6 axb6 27. Bb1 Bd7 28. Ne5 h6 29. Nxd7+ Nxd7 30. Rd1 Ne5 31. Rc1 Ng6 32. c5 bxc5 33. Rxc5 Re8 34. Bxg6 fxg6 35. Rb5 Re2 36. Rxb7 Rxa2 37. Rb6 Ra1+ 38. Kh2 Ra2 39. Rxg6 Rxf2 40. Kg3 Rf6 41. Rxf6+ gxf6 42. Kf4 Kg7 43. g3 Kg6 44. g4 h5 45. gxh5+ Kxh5 46. Kf5 Kh4 47. Kxf6 Kxh3 1/2-1/2